Statistics for Highest Grossing 1980s Movies

Click here to take the quiz!

General Stats

  • This quiz has been taken 56,364 times
  • The average score is 13 of 20

Answer Stats

GrossClueAnswer% Correct
$211 mA teenager must travel to the 1950s to help his parents hook upBack to the Future
91%
$210 mWhip-wielding adventurer races Nazis to obtain a powerful relicRaiders of the Lost Ark
90%
$359 mReeses-loving alien wants to return to his home planetE.T.: The Extra-
Terrestrial
87%
$253 mOnce again, galactic rebels must blow up a gigantic space stationThe Return of the Jedi
86%
$229 mQuartet of paranormal exterminators must save New YorkGhostbusters
83%
$209 mGalactic rebels are on the run from the Imperial fleet and a bounty hunterThe Empire Strikes Back
83%
$177 mTalented but reckless pilot learns how to dogfight at an elite Navy schoolTop Gun
82%
$180 mProfessor and his short friend crash land in India and discover
a cult where hearts are removed from living bodies
Indiana Jones and the
Temple of Doom
73%
$197 mWhip-wielding adventurer races Nazis to obtain a different powerful relicIndiana Jones and the
Last Crusade
72%
$251 mThe Caped Crusader faces his greatest enemyBatman
68%
$173 mShallow young man reconnects with his brother, an autistic savantRain Man
64%
$175 mAustralian bushman woos a sophisticated Sheila from the StatesCrocodile Dundee
63%
$156 mCartoon characters live in the real world, and one of them is accused of murderWho Framed
Roger Rabbit
62%
$148 mCute animal from Chinatown multiplies then mutates into
evil and mischievous creatures
Gremlins
60%
$235 mBrash Detroit detective goes to sunny California to solve a crimeBeverly Hills Cop
55%
$154 mFor the second time, Calfornia police get an assist from a
down and dirty Detroit detective
Beverly Hills Cop II
52%
$168 mHilarity ensues as three confirmed bachelors are forced to take care of an infantThree Men and a Baby
50%
$150 mCommando returns to Vietnam to free American POWsRambo:
First Blood Part II
47%
$177 mActor uses crossdressing to advance his careerTootsie
41%
$157 mCrazed woman stalks a married man with whom she had a one-night standFatal Attraction
33%

Score Distribution

Percentile by Number Answered

Percent of People with Each Score

Your Score History

You have not taken this quiz